Score 0/11 Timer 01:00
1 Play Today
Clue 4-Letter Word % Correct
Leader of the Catholic ChurchPOPE
97.3%
Strippers dance around one of thesePOLE
96.9%
A genderMALE
96.7%
4th planet from the sunMARS
95%
A spy inside an agencyMOLE
92.5%
A female horseMARE
92.3%
Location of many space launches: ___ CanaveralCAPE
91.7%
The back of the neckNAPE
89.3%
Deal withCOPE
88.9%
Valley in California known for its wineNAPA
88.1%
US launcher of the Apollo missionNASA
85.1%

Today's Daily Dose

Remove Ads.
Support Sporcle.
Get the best of Sporcle when you Go Orange. This ad-free experience offers more features, more stats, and more fun while also helping to support Sporcle. Thank you for becoming a member.

You're not logged in!

Compare scores with friends on all Sporcle quizzes.
OR
Log In

Show Comments

Extras

Top Quizzes Today


Score Distribution

Your Account Isn't Verified!

In order to create a playlist on Sporcle, you need to verify the email address you used during registration. Go to your Sporcle Settings to finish the process.

Report this User

Report this user for behavior that violates our Community Guidelines.

Details: